LEADER 01534nam 2200493 450 001 9910671795103321 005 20200825103336.0 010 $a84-1324-631-8 035 $a(CKB)4100000010947778 035 $a(MiAaPQ)EBC6774903 035 $a(OCoLC)1193335548 035 $a(FINmELB)ELB129613 035 $a(EXLCZ)994100000010947778 100 $a20200825d2019 uy 0 101 0 $aspa 135 $aurcnu|||||||| 181 $ctxt$2rdacontent/spa 182 $cc$2rdamedia/spa 183 $acr$2rdacarrier/spa 200 10$aPra?ctica procesal penal /$fMari?a Jose? Castan?o?n Alvarez, Fermi?n Echarri Casi, Xavier Etxebarria Zarrabeitia 210 1$aMadrid :$cDykinson,$d2019. 215 $a1 recurso en li?nea (471 pa?ginas) 225 1 $aDeontologi?a profesional del abogado ;$v8 311 $a84-1324-580-X 410 0$aDeontologi?a profesional del abogado ;$v8. 606 $aCriminal procedure 606 $aCriminal law 606 $aProcedimiento penal 606 $aDerecho penal 608 $aLibros electronicos. 615 0$aCriminal procedure. 615 0$aCriminal law. 615 4$aProcedimiento penal. 615 4$aDerecho penal. 676 $a345.05 700 $aCastan?on A?lvarez$b Mari?a Jose?$01336624 702 $aEcharri Casi$b Fermi?n 702 $aEtxebarria Zarrabeitia$b Xavier 801 0$bFINmELB 801 1$bFINmELB 906 $aBOOK 912 $a9910671795103321 996 $aPra?ctica procesal penal$93053688 997 $aUNINA